تنقیدی تلازمے (Record no. 49941)
[ view plain ]
| 000 -LEADER | |
|---|---|
| fixed length control field | 01477nam a2200397 a 4500 |
| 001 - CONTROL NUMBER | |
| control field | vtls002023316 |
| 003 - CONTROL NUMBER IDENTIFIER | |
| control field | NLI |
| 005 - DATE AND TIME OF LATEST TRANSACTION | |
| control field | 20210601185315.0 |
| 008 - FIXED-LENGTH DATA ELEMENTS--GENERAL INFORMATION | |
| fixed length control field | 181009s2013 ii g f 000 e urd d |
| 020 ## - INTERNATIONAL STANDARD BOOK NUMBER | |
| International Standard Book Number | 9789350732649 |
| Terms of availability | Rs.350.00 |
| 039 #9 - LEVEL OF BIBLIOGRAPHIC CONTROL AND CODING DETAIL [OBSOLETE] | |
| -- | 201810091106 |
| -- | wasima |
| 040 ## - CATALOGING SOURCE | |
| Original cataloging agency | NLI |
| Language of cataloging | urd |
| Transcribing agency | Urdu Division |
| Description conventions | AACR2 |
| 041 ## - LANGUAGE CODE | |
| Language code of text/sound track or separate title | urd |
| 044 0# - COUNTRY OF PUBLISHING/PRODUCING ENTITY CODE | |
| MARC country code | ii |
| 082 04 - DEWEY DECIMAL CLASSIFICATION NUMBER | |
| Classification number | 891.43919 |
| Edition number | 22 |
| 100 0# - MAIN ENTRY--PERSONAL NAME | |
| Linkage | 880-01 |
| Personal name | ڈاکٹر ہاجرہ بانو |
| 9 (RLIN) | 123644 |
| 245 1# - TITLE STATEMENT | |
| Linkage | 880-02 |
| Title | تنقیدی تلازمے |
| Statement of responsibility, etc. | /ڈاکٹر ہاجرہ بانو |
| 260 ## - PUBLICATION, DISTRIBUTION, ETC. | |
| Place of publication, distribution, etc. | Delhi: |
| Name of publisher, distributor, etc. | Educational Publishing House, |
| Date of publication, distribution, etc. | 2013. |
| 300 ## - PHYSICAL DESCRIPTION | |
| Extent | 288p. |
| Dimensions | , 22 cm. |
| 650 #0 - SUBJECT ADDED ENTRY--TOPICAL TERM | |
| Topical term or geographic name entry element | Urdu poetry |
| General subdivision | collection |
| Chronological subdivision | 20th century |
| General subdivision | History and criticism |
| 9 (RLIN) | 123645 |
| 650 #0 - SUBJECT ADDED ENTRY--TOPICAL TERM | |
| Topical term or geographic name entry element | Urdu literature |
| General subdivision | collection |
| Chronological subdivision | 20th century |
| General subdivision | History and criticism |
| 9 (RLIN) | 123646 |
| 650 #0 - SUBJECT ADDED ENTRY--TOPICAL TERM | |
| Topical term or geographic name entry element | Prose literature, Urdu |
| General subdivision | collection |
| -- | Biography |
| Chronological subdivision | 20th century |
| General subdivision | History and criticism |
| 9 (RLIN) | 123647 |
| 700 #0 - ADDED ENTRY--PERSONAL NAME | |
| Linkage | 880-03(B |
| 700 #0 - ADDED ENTRY--PERSONAL NAME | |
| Linkage | 880-04(B |
| 880 #0 - ALTERNATE GRAPHIC REPRESENTATION | |
| Linkage | 100-01/(B |
| a | Hajera Bano |
| c | ,Dr. |
| 880 #1 - ALTERNATE GRAPHIC REPRESENTATION | |
| Linkage | 245-02(B |
| a | Tanqeedi talazame |
| c | /Dr.Hajera Bano |
| 880 #0 - ALTERNATE GRAPHIC REPRESENTATION | |
| Linkage | 700-03(B |
| 880 #0 - ALTERNATE GRAPHIC REPRESENTATION | |
| Linkage | 700-04(B |
| 887 ## - NON-MARC INFORMATION FIELD | |
| Content of non-MARC field | wasim |
| 901 ## - LOCAL DATA ELEMENT A, LDA (RLIN) | |
| a | 31282 |
| b | 26.02.2013 |
| 902 ## - LOCAL DATA ELEMENT B, LDB (RLIN) | |
| a | U 891.43919 H 154 ta |
| 904 ## - LOCAL DATA ELEMENT D, LDD (RLIN) | |
| a | wasim |
| 949 ## - LOCAL PROCESSING INFORMATION (OCLC) | |
| -- | VIRTUAITEM |
| -- | 10022 |
| -- | 100 |
| 6 | DBA000031282URD |
| a | U 891.43919 H 154 ta |
| e | 31282 |
| 942 ## - ADDED ENTRY ELEMENTS (KOHA) | |
| Source of classification or shelving scheme | Dewey Decimal Classification |
| Koha item type | Books |
| Withdrawn status | Lost status | Damaged status | Not for loan | Collection code | Home library | Current library | Shelving location | Date acquired | Total Checkouts | Full call number | Barcode | Date last seen | Price effective from | Koha item type |
|---|---|---|---|---|---|---|---|---|---|---|---|---|---|---|
| Urdu | National Library of India | National Library of India | Urdu - Book - Main Stack Division | U 891.43919 H 154 ta | DBA000031282URD | 01/06/2021 | 01/06/2021 | Books |
